[Event "V Open Escacs Xàtiva"]
[Site "Xàtiva, Spain"]
[Date "2019.07.18"]
[Round "5.2"]
[White "Martinez Peiro, Gabriel"]
[Black "Castro Santimoteo, Raul"]
[Result "1-0"]
[WhiteElo "1965"]
[BlackElo "1947"]
[PlyCount "111"]
[EventDate "2019.??.??"]

1. d4 {[%clk 01:30:08]  [%emt 00:00:51]} 1... d5 {
[%clk 01:29:46]  [%emt 00:01:15]} 2. c4 {[%clk 01:30:31]  [%emt 00:00:06]} 2...
c6 {[%clk 01:29:06]  [%emt 00:01:10]} 3. Nf3 {[%clk 01:30:41]  [%emt 00:00:20]}
3... Nf6 {[%clk 01:29:18]  [%emt 00:00:18]} 4. Nc3 {
[%clk 01:31:02]  [%emt 00:00:08]} 4... a6 {[%clk 01:29:35]  [%emt 00:00:15]} 5.
h3 {[%clk 01:30:05]  [%emt 00:01:26]} 5... g6 {[%clk 01:24:50]  [%emt 00:05:16]
} 6. cxd5 {[%clk 01:28:31]} 6... cxd5 {[%clk 01:25:01]  [%emt 00:02:24]} 7. Bf4
{[%emt 00:07:16]} 7... Bg7 {[%clk 01:22:45]} 8. e3 {
[%clk 01:24:32]  [%emt 00:00:28]} 8... Nc6 {[%clk 01:19:06]  [%emt 00:04:10]}
9. Bd3 {[%clk 01:24:03]  [%emt 00:00:58]} 9... O-O {
[%clk 01:19:01]  [%emt 00:00:35]} 10. Rc1 {[%clk 01:23:04]  [%emt 00:01:29]}
10... Nb4 {[%clk 01:16:23]  [%emt 00:03:08]} 11. Bb1 {
[%clk 01:23:21]  [%emt 00:00:13]} 11... Bf5 {[%clk 01:16:39]  [%emt 00:00:14]}
12. Bxf5 {[%clk 01:21:50]  [%emt 00:02:00]} 12... gxf5 {
[%clk 01:17:04]  [%emt 00:00:05]} 13. a3 {[%clk 01:19:35]  [%emt 00:02:45]}
13... Nc6 {[%clk 01:17:14]  [%emt 00:00:20]} 14. Qb3 {
[%clk 01:18:59]  [%emt 00:01:06]} 14... Na5 {[%clk 01:16:42]  [%emt 00:01:02]}
15. Qa2 {[%clk 01:15:35]  [%emt 00:03:53]} 15... Rc8 {[%emt 00:01:10]} 16. O-O
{[%clk 01:15:33]  [%emt 00:00:06]} 16... e6 {[%clk 01:15:04]  [%emt 00:01:56]}
17. Rc2 {[%emt 00:05:29]} 17... Nc6 {[%clk 01:08:20]  [%emt 00:04:47]} 18. Rfc1
{[%clk 01:12:23]  [%emt 00:01:07]} 18... Qd7 {[%clk 01:05:28]  [%emt 00:03:23]}
19. Ne5 {[%clk 01:02:23]  [%emt 00:10:30]} 19... Nxe5 {
[%clk 01:03:45]  [%emt 00:02:14]} 20. Bxe5 {[%clk 01:02:40]  [%emt 00:00:12]}
20... b5 {[%clk 01:00:54]  [%emt 00:03:21]} 21. Qb3 {
[%clk 00:59:37]  [%emt 00:03:32]} 21... Rc4 {[%clk 00:57:54]  [%emt 00:03:31]}
22. Qa2 {[%clk 00:56:12]  [%emt 00:03:55]} 22... Rfc8 {
[%clk 00:55:51]  [%emt 00:02:34]} 23. b3 {[%emt 00:03:41]} 23... R4c6 24. Ne2 {
[%clk 00:45:17]  [%emt 00:08:25]} 24... Rxc2 {[%clk 00:50:11]  [%emt 00:06:28]}
25. Rxc2 {[%clk 00:45:19]  [%emt 00:00:28]} 25... Rc6 {
[%clk 00:50:27]  [%emt 00:00:14]} 26. Qb2 {[%clk 00:31:25]  [%emt 00:14:24]}
26... Qc8 {[%clk 00:50:46]  [%emt 00:00:12]} 27. Rxc6 {
[%clk 00:29:24]  [%emt 00:02:30]} 27... Qxc6 {[%clk 00:50:35]  [%emt 00:00:24]}
28. f3 {[%emt 00:01:47]} 28... Nd7 {[%clk 00:50:11]  [%emt 00:00:44]} 29. Bxg7
{[%clk 00:28:02]  [%emt 00:01:01]} 29... Kxg7 {[%clk 00:50:29]  [%emt 00:00:11]
} 30. Nf4 {[%clk 00:27:06]  [%emt 00:01:26]} 30... Kf8 {
[%clk 00:41:24]  [%emt 00:09:35]} 31. Kf2 {[%clk 00:23:29]  [%emt 00:04:06]}
31... Nf6 {[%clk 00:38:16]  [%emt 00:03:39]} 32. Ke2 {[%emt 00:03:09]} 32... a5
{[%clk 00:32:41]  [%emt 00:05:43]} 33. Kd2 {[%clk 00:19:42]} 33... Ke7 {
[%clk 00:31:45]  [%emt 00:03:26]} 34. Qc3 {[%clk 00:16:49]} 34... Qxc3+ {
[%clk 00:32:07]  [%emt 00:03:31]} 35. Kxc3 {[%clk 00:17:10]} 35... Kd6 {
[%clk 00:32:22]  [%emt 00:00:25]} 36. Nd3 {[%emt 00:02:39]} 36... Nd7 37. a4 {
[%clk 00:12:13]  [%emt 00:03:25]} 37... b4+ {[%clk 00:32:17]  [%emt 00:00:58]}
38. Kd2 {[%clk 00:12:30]  [%emt 00:00:12]} 38... f6 {
[%clk 00:31:20]  [%emt 00:01:27]} 39. Nf4 {[%clk 00:11:05]  [%emt 00:01:55]}
39... e5 {[%clk 00:30:37]  [%emt 00:01:14]} 40. Nh5 {
[%clk 00:10:56]  [%emt 00:00:38]} 40... f4 {[%emt 00:01:33]} 41. dxe5+ {
[%clk 00:10:44]  [%emt 00:00:07]} 41... fxe5 {[%clk 00:29:19]  [%emt 00:01:19]}
42. exf4 {[%emt 00:00:54]} 42... exf4 {[%clk 00:28:56]  [%emt 00:00:10]} 43.
Nxf4 {[%clk 00:11:25]  [%emt 00:00:08]} 43... Nc5 {
[%clk 00:28:51]  [%emt 00:00:36]} 44. Kc2 {[%clk 00:11:44]  [%emt 00:00:11]}
44... Nd7 {[%clk 00:27:09]  [%emt 00:02:12]} 45. Nd3 {
[%clk 00:11:23]  [%emt 00:00:52]} 45... Ke6 {[%clk 00:26:57]  [%emt 00:00:41]}
46. Kd2 {[%clk 00:11:18]  [%emt 00:00:36]} 46... Kd6 {
[%clk 00:24:43]  [%emt 00:02:43]} 47. Ke3 {[%clk 00:11:13]  [%emt 00:00:36]}
47... Nf8 {[%clk 00:24:45]  [%emt 00:00:28]} 48. g4 {
[%clk 00:10:44]  [%emt 00:00:59]} 48... Ne6 {[%clk 00:24:53]  [%emt 00:00:21]}
49. h4 {[%clk 00:08:56]  [%emt 00:02:18]} 49... Kc6 {
[%clk 00:23:21]  [%emt 00:02:01]} 50. h5 {[%clk 00:08:28]  [%emt 00:00:59]}
50... Ng5 {[%clk 00:22:18]  [%emt 00:01:33]} 51. f4 {[%clk 00:07:47]} 51... Ne4
{[%clk 00:21:53]  [%emt 00:02:06]} 52. g5 {[%clk 00:07:50]  [%emt 00:00:27]}
52... Ng3 {[%clk 00:21:42]  [%emt 00:00:41]} 53. Ne5+ {
[%clk 00:05:34]  [%emt 00:02:45]} 53... Kd6 {[%clk 00:21:50]  [%emt 00:00:23]}
54. h6 {[%clk 00:05:11]  [%emt 00:00:53]} 54... Nf5+ {
[%clk 00:21:09]  [%emt 00:01:11]} 55. Kd3 {[%clk 00:05:20]  [%emt 00:00:21]}
55... Ne7 {[%clk 00:12:21]  [%emt 00:09:19]} 56. g6 {
[%clk 00:05:31]  [%emt 00:00:18]} 1-0

[Event "V Open Escacs Xàtiva"]
[Site "Xàtiva, Spain"]
[Date "2019.07.18"]
[Round "5.3"]
[White "Iagar, Razvan-Gabriel"]
[Black "Hassomal Daswani, Birjkumar"]
[Result "1-0"]
[WhiteElo "2138"]
[BlackElo "1994"]
[PlyCount "133"]
[EventDate "2019.??.??"]

1. d4 {[%clk 01:30:58]  [%emt 00:00:02]} 1... c5 {
[%clk 01:30:52]  [%emt 00:00:09]} 2. d5 {[%clk 01:31:22]  [%emt 00:00:06]} 2...
e5 {[%clk 01:30:46]  [%emt 00:00:35]} 3. e4 {[%clk 01:31:38]  [%emt 00:00:14]}
3... d6 {[%clk 01:30:58]  [%emt 00:00:19]} 4. Nc3 {
[%clk 01:31:54]  [%emt 00:00:14]} 4... Nf6 {[%clk 01:30:41]  [%emt 00:00:46]}
5. g3 {[%clk 01:31:05]  [%emt 00:01:20]} 5... Be7 {
[%clk 01:31:05]  [%emt 00:00:06]} 6. Bg2 {[%clk 01:31:28]  [%emt 00:00:06]}
6... Nbd7 {[%clk 01:31:22]  [%emt 00:00:13]} 7. Nge2 {
[%clk 01:31:50]  [%emt 00:00:08]} 7... Nf8 {[%clk 01:31:23]  [%emt 00:00:29]}
8. O-O {[%clk 01:31:31]  [%emt 00:00:50]} 8... h5 {
[%clk 01:31:23]  [%emt 00:00:30]} 9. f3 {[%clk 01:21:52]  [%emt 00:10:09]} 9...
Ng6 {[%clk 01:31:21]  [%emt 00:00:32]} 10. Be3 {
[%clk 01:21:20]  [%emt 00:01:02]} 10... h4 {[%clk 01:31:36]  [%emt 00:00:15]}
11. Re1 {[%clk 01:17:56]  [%emt 00:03:53]} 11... hxg3 {
[%clk 01:31:47]  [%emt 00:00:20]} 12. hxg3 {[%clk 01:18:21]  [%emt 00:00:05]}
12... Bh3 {[%clk 01:31:42]  [%emt 00:00:35]} 13. Bxh3 {
[%clk 01:15:43]  [%emt 00:03:08]} 13... Rxh3 {[%clk 01:32:03]  [%emt 00:00:09]}
14. Kg2 {[%clk 01:16:10]  [%emt 00:00:03]} 14... Rh8 {
[%clk 01:29:04]  [%emt 00:03:28]} 15. Rh1 {[%clk 01:16:25]  [%emt 00:00:14]}
15... Rxh1 {[%clk 01:29:06]  [%emt 00:00:29]} 16. Qxh1 {
[%clk 01:16:48]  [%emt 00:00:07]} 16... Qb6 {[%clk 01:29:18]  [%emt 00:00:18]}
17. Rb1 {[%clk 01:10:41]  [%emt 00:06:37]} 17... Qa6 {
[%clk 01:28:47]  [%emt 00:01:01]} 18. a4 {[%clk 01:09:26]  [%emt 00:01:44]}
18... O-O-O {[%clk 01:28:34]  [%emt 00:00:43]} 19. Qd1 {
[%clk 01:03:57]  [%emt 00:05:59]} 19... Qa5 {[%clk 01:27:21]  [%emt 00:01:43]}
20. Qd3 {[%clk 01:00:56]  [%emt 00:03:30]} 20... a6 {
[%clk 01:26:52]  [%emt 00:01:01]} 21. Qc4 {[%clk 00:58:02]  [%emt 00:03:23]}
21... Qc7 {[%clk 01:25:46]  [%emt 00:01:36]} 22. b3 {
[%clk 00:54:59]  [%emt 00:03:34]} 22... Rh8 {[%clk 01:26:04]  [%emt 00:00:11]}
23. Rh1 {[%clk 00:55:11]  [%emt 00:00:18]} 23... Rxh1 {
[%clk 01:26:23]  [%emt 00:00:12]} 24. Kxh1 {[%clk 00:55:39]  [%emt 00:00:02]}
24... Nh7 {[%clk 01:25:09]  [%emt 00:01:43]} 25. Kg2 {
[%clk 00:55:43]  [%emt 00:00:26]} 25... Bg5 {[%clk 01:25:27]  [%emt 00:00:12]}
26. Bf2 {[%emt 00:02:19]} 26... Bh6 {[%clk 01:23:49]  [%emt 00:00:59]} 27. Ng1
{[%clk 00:52:16]  [%emt 00:03:17]} 27... Bd2 {[%clk 01:21:01]  [%emt 00:03:19]}
28. Qd3 {[%clk 00:45:33]  [%emt 00:07:13]} 28... Bh6 {
[%clk 01:19:51]  [%emt 00:01:39]} 29. Nh3 {[%clk 00:42:29]  [%emt 00:03:34]}
29... Nf6 {[%clk 01:18:40]  [%emt 00:01:40]} 30. Nb1 {
[%clk 00:39:23]  [%emt 00:03:37]} 30... Qa5 {[%clk 01:18:30]  [%emt 00:00:40]}
31. Nc3 {[%clk 00:37:35]  [%emt 00:02:18]} 31... Qb4 {
[%clk 01:15:42]  [%emt 00:03:18]} 32. Kf1 {[%clk 00:35:03]  [%emt 00:03:01]}
32... Qa3 {[%clk 01:15:16]  [%emt 00:00:56]} 33. Kg2 {
[%clk 00:33:45]  [%emt 00:01:49]} 33... Qa1 {[%clk 01:12:24]  [%emt 00:03:22]}
34. Ng1 {[%clk 00:31:22]  [%emt 00:02:53]} 34... Nh5 {
[%clk 01:12:12]  [%emt 00:00:42]} 35. Nge2 {[%clk 00:30:49]  [%emt 00:01:03]}
35... Qa3 {[%clk 01:11:33]  [%emt 00:01:10]} 36. Be1 {
[%clk 00:28:41]  [%emt 00:02:37]} 36... Qb4 {[%clk 01:11:46]  [%emt 00:00:17]}
37. Kf1 {[%clk 00:27:28]  [%emt 00:01:43]} 37... Qb6 {
[%clk 01:11:58]  [%emt 00:00:19]} 38. Qc4 {[%clk 00:27:04]  [%emt 00:00:54]}
38... Kd7 {[%clk 01:09:58]  [%emt 00:02:31]} 39. Nd1 {
[%clk 00:26:40]  [%emt 00:00:54]} 39... Nf6 {[%clk 01:09:48]  [%emt 00:00:39]}
40. a5 {[%clk 00:26:36]  [%emt 00:00:34]} 40... Qb5 {
[%clk 01:09:34]  [%emt 00:00:44]} 41. Qxb5+ {[%clk 00:26:05]  [%emt 00:01:01]}
41... axb5 {[%clk 01:09:56]  [%emt 00:00:08]} 42. Nec3 {
[%clk 00:18:27]  [%emt 00:08:07]} 42... b4 {[%clk 01:09:12]  [%emt 00:01:15]}
43. Na4 {[%clk 00:18:48]  [%emt 00:00:09]} 43... Ne8 {
[%clk 01:08:56]  [%emt 00:00:46]} 44. Nb6+ {[%clk 00:18:39]  [%emt 00:00:38]}
44... Kc7 {[%clk 01:08:25]  [%emt 00:01:01]} 45. c3 {
[%clk 00:18:01]  [%emt 00:01:08]} 45... bxc3 {[%clk 01:08:18]  [%emt 00:00:37]}
46. Nxc3 {[%clk 00:18:30]} 46... Nf8 {[%clk 01:08:17]  [%emt 00:00:32]} 47.
Nb5+ {[%clk 00:18:44]  [%emt 00:00:16]} 47... Kb8 {
[%clk 01:08:04]  [%emt 00:00:43]} 48. Nc4 {[%clk 00:18:56]  [%emt 00:00:18]}
48... Bc1 {[%clk 01:06:41]  [%emt 00:01:52]} 49. Nbxd6 {
[%clk 00:18:37]  [%emt 00:00:49]} 49... Nxd6 {[%clk 01:06:58]  [%emt 00:00:13]}
50. Nxd6 {[%clk 00:19:06]  [%emt 00:00:02]} 50... f6 {
[%clk 01:06:43]  [%emt 00:00:44]} 51. Ke2 {[%clk 00:18:25]  [%emt 00:01:10]}
51... Nd7 {[%clk 01:06:02]  [%emt 00:01:12]} 52. Kd3 {
[%clk 00:18:12]  [%emt 00:00:42]} 52... Ka7 {[%clk 01:05:43]  [%emt 00:00:50]}
53. Nb5+ {[%clk 00:17:14]  [%emt 00:01:28]} 53... Ka6 {
[%clk 01:05:53]  [%emt 00:00:21]} 54. Nc7+ {[%clk 00:17:36]  [%emt 00:00:07]}
54... Ka7 {[%clk 01:06:16]  [%emt 00:00:07]} 55. Kc4 {
[%clk 00:17:12]  [%emt 00:00:54]} 55... Be3 {[%clk 01:05:49]  [%emt 00:00:57]}
56. d6 {[%clk 00:15:17]  [%emt 00:02:25]} 56... Kb8 {
[%clk 01:05:05]  [%emt 00:01:14]} 57. Kd5 {[%clk 00:15:00]  [%emt 00:00:46]}
57... Kc8 {[%clk 01:05:28]  [%emt 00:00:08]} 58. Ke6 {
[%clk 00:14:56]  [%emt 00:00:34]} 58... g6 {[%clk 01:02:48]  [%emt 00:03:10]}
59. Nd5 {[%clk 00:14:23]  [%emt 00:01:03]} 59... Bg5 {
[%clk 01:02:08]  [%emt 00:01:11]} 60. Ne7+ {[%clk 00:14:16]  [%emt 00:00:36]}
60... Kd8 {[%clk 01:02:29]  [%emt 00:00:09]} 61. Nxg6 {
[%clk 00:14:32]  [%emt 00:00:14]} 61... Bc1 {[%clk 01:01:09]  [%emt 00:01:50]}
62. Ne7 {[%clk 00:13:46]  [%emt 00:01:15]} 62... Bb2 {
[%clk 01:01:20]  [%emt 00:00:20]} 63. Nd5 {[%clk 00:13:10]  [%emt 00:01:06]}
63... Bd4 {[%clk 00:59:36]  [%emt 00:02:14]} 64. Nxf6 {
[%clk 00:11:05]  [%emt 00:02:36]} 64... Nxf6 {[%clk 00:59:54]  [%emt 00:00:12]}
65. Kxf6 {[%clk 00:11:33]  [%emt 00:00:02]} 65... Kd7 {
[%clk 01:00:18]  [%emt 00:00:06]} 66. g4 {[%clk 00:11:20]  [%emt 00:00:43]}
66... Kxd6 {[%clk 01:00:37]  [%emt 00:00:11]} 67. g5 {[%emt 00:00:51]} 1-0

[Event "V Open Escacs Xàtiva"]
[Site "Xàtiva, Spain"]
[Date "2019.07.18"]
[Round "5.4"]
[White "Deruelle Sala, Albert"]
[Black "Ponce Valero, Juan Antonio"]
[Result "1-0"]
[WhiteElo "2076"]
[BlackElo "1949"]
[PlyCount "79"]
[EventDate "2019.??.??"]

1. Nf3 {[%clk 01:30:57]  [%emt 00:00:02]} 1... d5 {
[%clk 01:30:50]  [%emt 00:00:10]} 2. b3 {[%clk 01:31:20]  [%emt 00:00:07]} 2...
Nc6 {[%clk 01:26:23]  [%emt 00:04:57]} 3. Bb2 {[%clk 01:29:13]  [%emt 00:02:36]
} 3... Bg4 {[%clk 01:25:55]  [%emt 00:00:58]} 4. e3 {
[%clk 01:29:37]  [%emt 00:00:07]} 4... Nf6 {[%clk 01:24:49]  [%emt 00:01:36]}
5. c4 {[%clk 01:29:09]  [%emt 00:00:58]} 5... e6 {
[%clk 01:20:29]  [%emt 00:04:50]} 6. d3 {[%clk 01:25:38]  [%emt 00:04:01]} 6...
Be7 {[%clk 01:19:33]  [%emt 00:01:26]} 7. h3 {[%clk 01:25:33]  [%emt 00:00:34]}
7... Bh5 {[%clk 01:18:09]  [%emt 00:01:55]} 8. g4 {
[%clk 01:25:51]  [%emt 00:00:13]} 8... Bg6 {[%clk 01:18:04]  [%emt 00:00:34]}
9. Nh4 {[%clk 01:26:14]  [%emt 00:00:07]} 9... dxc4 {
[%clk 01:11:51]  [%emt 00:06:44]} 10. bxc4 {[%clk 01:22:28]  [%emt 00:04:16]}
10... Bb4+ {[%clk 00:59:22]  [%emt 00:12:58]} 11. Ke2 {
[%clk 01:17:05]  [%emt 00:05:53]} 11... Qd7 {[%clk 00:51:50]  [%emt 00:08:02]}
12. Nxg6 {[%clk 01:16:17]  [%emt 00:01:18]} 12... hxg6 {
[%clk 00:51:47]  [%emt 00:00:33]} 13. Bg2 {[%clk 01:14:42]  [%emt 00:02:05]}
13... Rd8 {[%clk 00:49:45]  [%emt 00:02:33]} 14. Na3 {
[%clk 01:06:32]  [%emt 00:08:39]} 14... O-O {[%clk 00:40:05]  [%emt 00:10:10]}
15. Qb3 {[%clk 01:05:40]  [%emt 00:01:21]} 15... a5 {
[%clk 00:32:56]  [%emt 00:07:41]} 16. Rad1 {[%clk 01:04:48]  [%emt 00:01:21]}
16... b6 {[%clk 00:28:48]  [%emt 00:04:39]} 17. Nb5 {
[%clk 01:04:48]  [%emt 00:00:29]} 17... Rfe8 {[%clk 00:28:05]  [%emt 00:01:13]}
18. a3 {[%clk 01:02:55]  [%emt 00:02:22]} 18... Bf8 {
[%clk 00:26:57]  [%emt 00:01:38]} 19. Nc3 {[%clk 01:00:18]  [%emt 00:03:07]}
19... Ne7 {[%clk 00:17:39]  [%emt 00:09:50]} 20. h4 {
[%clk 00:56:16]  [%emt 00:04:31]} 20... Nxg4 {[%clk 00:17:22]  [%emt 00:00:47]}
21. h5 {[%clk 00:56:06]} 21... g5 {[%clk 00:17:51]  [%emt 00:00:41]} 22. Ne4 {
[%clk 00:55:54]} 22... Nf5 {[%clk 00:16:42]  [%emt 00:02:21]} 23. Bf3 {
[%clk 00:50:43]} 23... Ngh6 {[%clk 00:16:25]  [%emt 00:06:27]} 24. Rdg1 {
[%clk 00:50:30]} 24... f6 {[%clk 00:12:53]  [%emt 00:04:45]} 25. Bxf6 {
[%clk 00:50:43]} 25... Nh4 {[%clk 00:03:47]  [%emt 00:09:54]} 26. Rxh4 {
[%clk 00:49:59]} 26... gxh4 {[%clk 00:04:16]  [%emt 00:01:14]} 27. Bxg7 {
[%clk 00:50:16]} 27... Qxg7 {[%clk 00:04:35]  [%emt 00:00:25]} 28. Nf6+ {
[%clk 00:50:36]} 28... Kh8 {[%clk 00:04:42]  [%emt 00:00:33]} 29. Rxg7 {
[%clk 00:50:59]} 29... Bxg7 {[%clk 00:05:07]  [%emt 00:00:13]} 30. Nxe8 {
[%clk 00:51:20]} 30... Rxe8 {[%clk 00:05:33]  [%emt 00:00:14]} 31. c5 {
[%clk 00:50:51]} 31... Nf5 {[%clk 00:05:18]  [%emt 00:01:42]} 32. cxb6 {
[%clk 00:49:08]} 32... cxb6 {[%clk 00:05:47]  [%emt 00:02:15]} 33. Qxb6 {
[%clk 00:49:13]} 33... h3 {[%clk 00:05:40]  [%emt 00:01:02]} 34. Qxa5 {
[%clk 00:48:56]} 34... h2 {[%clk 00:06:09]  [%emt 00:00:48]} 35. Qc7 {
[%clk 00:46:00]} 35... e5 {[%clk 00:05:48]  [%emt 00:04:16]} 36. Be4 {
[%emt 00:01:28]} 36... Rf8 37. a4 {[%clk 00:46:08]} 37... Nh6 {
[%clk 00:01:21]  [%emt 00:04:52]} 38. a5 {[%clk 00:43:19]  [%emt 00:03:19]}
38... Ng4 {[%clk 00:01:37]  [%emt 00:00:14]} 39. a6 {
[%clk 00:43:18]  [%emt 00:00:32]} 39... Nxf2 {[%clk 00:01:09]  [%emt 00:00:57]}
40. h6 {[%clk 00:43:35]  [%emt 00:00:13]} 1-0

[Event "V Open Escacs Xàtiva"]
[Site "Xàtiva, Spain"]
[Date "2019.07.18"]
[Round "5.5"]
[White "Soriano Pallas, Rafael"]
[Black "Hernandez Lopez, Alberto"]
[Result "0-1"]
[WhiteElo "1839"]
[BlackElo "2038"]
[PlyCount "58"]
[EventDate "2019.??.??"]

1. Nf3 {[%clk 01:30:39]  [%emt 00:00:20]} 1... Nf6 {
[%clk 01:30:58]  [%emt 00:00:02]} 2. g3 {[%clk 01:30:38]  [%emt 00:00:32]} 2...
g6 {[%clk 01:31:20]  [%emt 00:00:07]} 3. Bg2 {[%clk 01:30:59]  [%emt 00:00:09]}
3... Bg7 {[%clk 01:31:49]} 4. d4 {[%clk 01:31:00]  [%emt 00:00:30]} 4... O-O {
[%clk 01:32:10]  [%emt 00:00:09]} 5. O-O {[%clk 01:31:12]  [%emt 00:00:19]}
5... d6 {[%clk 01:31:41]  [%emt 00:00:59]} 6. c4 {
[%clk 01:31:09]  [%emt 00:00:33]} 6... Nbd7 {[%clk 01:31:48]  [%emt 00:00:21]}
7. Nc3 {[%clk 01:30:54]  [%emt 00:00:46]} 7... e5 {
[%clk 01:32:13]  [%emt 00:00:06]} 8. e3 {[%clk 01:30:24]  [%emt 00:01:01]} 8...
c6 {[%clk 01:31:43]  [%emt 00:00:59]} 9. b3 {[%clk 01:30:26]  [%emt 00:00:28]}
9... Qa5 {[%clk 01:31:14]  [%emt 00:00:58]} 10. Bb2 {
[%clk 01:29:06]  [%emt 00:01:51]} 10... exd4 {[%clk 01:30:29]  [%emt 00:01:14]}
11. exd4 {[%clk 01:27:49]  [%emt 00:01:48]} 11... Re8 {
[%clk 01:23:47]  [%emt 00:07:11]} 12. Qc2 {[%clk 01:22:33]  [%emt 00:05:47]}
12... Nf8 {[%clk 01:23:22]  [%emt 00:00:54]} 13. Rfe1 {
[%clk 01:04:35]  [%emt 00:18:28]} 13... Bf5 {[%clk 01:21:10]  [%emt 00:02:42]}
14. Qd2 {[%clk 01:04:53]  [%emt 00:00:13]} 14... Bg4 {
[%clk 01:21:33]  [%emt 00:00:07]} 15. Ne4 {[%clk 00:59:26]  [%emt 00:05:57]}
15... Qh5 {[%clk 01:19:33]  [%emt 00:02:29]} 16. Nfg5 {
[%clk 00:53:58]  [%emt 00:05:59]} 16... Nxe4 {[%clk 01:00:29]  [%emt 00:19:34]}
17. Nxe4 {[%clk 00:52:29]  [%emt 00:01:59]} 17... d5 {
[%clk 00:52:26]  [%emt 00:08:33]} 18. Nd6 {[%clk 00:48:23]  [%emt 00:04:35]}
18... Rxe1+ {[%clk 00:52:29]  [%emt 00:00:28]} 19. Rxe1 {
[%clk 00:48:19]  [%emt 00:00:34]} 19... Ne6 {[%clk 00:52:51]  [%emt 00:00:08]}
20. cxd5 {[%clk 00:42:26]  [%emt 00:06:23]} 20... cxd5 {
[%clk 00:52:58]  [%emt 00:00:21]} 21. h4 {[%clk 00:34:18]  [%emt 00:08:39]}
21... g5 {[%clk 00:48:28]  [%emt 00:04:59]} 22. Bxd5 {
[%clk 00:16:10]  [%emt 00:18:39]} 22... gxh4 {[%clk 00:48:18]  [%emt 00:00:40]}
23. Bxe6 {[%clk 00:16:23]  [%emt 00:00:18]} 23... Bxe6 {
[%clk 00:43:41]  [%emt 00:05:06]} 24. d5 {[%clk 00:11:42]  [%emt 00:05:12]}
24... hxg3 {[%clk 00:36:34]  [%emt 00:07:36]} 25. fxg3 {
[%clk 00:09:09]  [%emt 00:03:03]} 25... Bxd5 {[%clk 00:36:20]  [%emt 00:00:44]}
26. Ne4 {[%clk 00:05:42]  [%emt 00:03:58]} 26... Bxb2 {
[%clk 00:33:14]  [%emt 00:03:35]} 27. Qxb2 {[%clk 00:06:01]  [%emt 00:00:09]}
27... Bxe4 {[%clk 00:33:32]  [%emt 00:00:14]} 28. Rxe4 {
[%clk 00:06:11]  [%emt 00:00:21]} 28... Rd8 {[%clk 00:31:34]  [%emt 00:02:27]}
29. g4 {[%clk 00:02:29]  [%emt 00:04:12]} 29... Rd1+ {
[%clk 00:31:38]  [%emt 00:00:25]} 0-1

[Event "V Open Escacs Xàtiva"]
[Site "Xàtiva, Spain"]
[Date "2019.07.18"]
[Round "5.6"]
[White "Crespo Calatayud, Santiago"]
[Black "Gomar Juan, Miguel"]
[Result "0-1"]
[WhiteElo "1758"]
[BlackElo "1779"]
[PlyCount "38"]
[EventDate "2019.??.??"]

1. d4 {[%clk 01:30:58]  [%emt 00:00:01]} 1... d5 {
[%clk 01:30:49]  [%emt 00:00:11]} 2. Bf4 {[%clk 01:31:23]  [%emt 00:00:05]}
2... e6 {[%clk 01:30:49]  [%emt 00:00:30]} 3. e3 {
[%clk 01:31:45]  [%emt 00:00:08]} 3... Bd6 {[%clk 01:31:00]  [%emt 00:00:19]}
4. Bg3 {[%clk 01:31:38]  [%emt 00:00:36]} 4... Nf6 {
[%clk 01:30:52]  [%emt 00:00:39]} 5. Nd2 {[%clk 01:31:33]  [%emt 00:00:35]}
5... O-O {[%clk 01:29:33]  [%emt 00:01:49]} 6. Bd3 {
[%clk 01:31:59]  [%emt 00:00:04]} 6... Nc6 {[%clk 01:27:51]  [%emt 00:02:13]}
7. c3 {[%clk 01:31:57]  [%emt 00:00:32]} 7... e5 {
[%clk 01:27:27]  [%emt 00:00:53]} 8. Ne2 {[%clk 01:19:44]  [%emt 00:12:43]}
8... e4 {[%clk 01:26:50]  [%emt 00:01:07]} 9. Bc2 {
[%clk 01:18:52]  [%emt 00:01:23]} 9... Ne7 {[%clk 01:25:02]  [%emt 00:02:17]}
10. c4 {[%clk 01:14:01]  [%emt 00:05:21]} 10... c6 {
[%clk 01:21:41]  [%emt 00:03:52]} 11. c5 {[%clk 01:07:33]  [%emt 00:06:58]}
11... Bc7 {[%clk 01:20:28]  [%emt 00:01:43]} 12. h3 {
[%clk 01:04:30]  [%emt 00:03:33]} 12... Nf5 {[%clk 01:12:07]  [%emt 00:08:51]}
13. Bxc7 {[%clk 00:58:58]  [%emt 00:06:03]} 13... Qxc7 {
[%clk 01:12:19]  [%emt 00:00:17]} 14. g4 {[%clk 00:58:41]  [%emt 00:00:47]}
14... Nh4 {[%clk 01:10:49]  [%emt 00:01:59]} 15. Ng3 {
[%clk 00:58:41]  [%emt 00:00:31]} 15... Ng2+ {[%clk 01:03:15]  [%emt 00:08:04]}
16. Kf1 {[%clk 00:59:03]  [%emt 00:00:08]} 16... Nxe3+ {
[%clk 00:58:17]  [%emt 00:05:27]} 17. fxe3 {[%clk 00:58:23]  [%emt 00:01:11]}
17... Qxg3 {[%clk 00:58:38]  [%emt 00:00:09]} 18. Qe2 {
[%clk 00:58:21]  [%emt 00:00:31]} 18... Bxg4 {[%clk 00:53:22]  [%emt 00:05:45]}
19. hxg4 {[%clk 00:58:21]  [%emt 00:00:32]} 19... Nxg4 {
[%clk 00:53:38]  [%emt 00:00:14]} 0-1